| 000 | 00568nam a2200181 i 4500 | ||
|---|---|---|---|
| 001 | 95793 | ||
| 003 | ES-MaACL | ||
| 005 | 20230906181755.0 | ||
| 007 | t| | ||
| 008 | 050606s1970 sp ||||1| spa d | ||
| 100 | 1 |
_aMac Donald, Frederick J. _975019 |
|
| 245 | 1 | 0 |
_aPsicología de la educación / _cFrederick J. Mac Donald; versión por Isaías Acarreta Arnedo. |
| 260 |
_aAlcoy (Alicante) : _bMarfil, _c1970. |
||
| 300 |
_a816 p. : _bil. ; _c21 cm. |
||
| 700 | 1 |
_aAcarreta Arnedo, Isaías, _918202 |
|
| 852 |
_aES-MaACL _jC-38867 _bR.74474 |
||
| 999 |
_c95793 _d95793 |
||